A budeme si hrát /

Hlavní autor: Karásková, Vlasta, 1947-
Korporativní autor: Univerzita Palackého. Fakulta tělesné kultury
Jazyk: Čeština
Vydáno: Olomouc : Univerzita Palackého v Olomouci, 2010
Vydání: 1. vyd.
Témata:
Fyzický popis: 64 s. : il. ; 21 cm
Knihy
Uloženo v:
LEADER 01987nam a2200529 a 4500
001 nkc20102107269
003 CZ PrNK
005 20100722105454.0
007 ta
008 100527s2010 xr a f 000 0 cze
015 |a cnb002107269 
020 |a 978-80-244-2505-4  |q (brož.) :  |c neprodejné 
035 |a (OCoLC)649802886 
040 |a ABA001  |b cze 
072 7 |a 796  |x Sport. Hry. Tělesná cvičení  |2 Konspekt  |9 20 
080 |a 796.012.6:37.016  |2 MRF 
080 |a 37.043.2  |2 MRF 
080 |a 316.344.6-056.26/.3-053.2  |2 MRF 
080 |a 796.2  |2 MRF 
080 |a 37.091.64  |2 MRF 
080 |a (048.8:082)  |2 MRF 
100 1 |a Karásková, Vlasta,  |d 1947-  |7 jn20000620151  |4 aut 
245 1 0 |a A budeme si hrát /  |c Vlasta Karásková a kolektiv 
250 |a 1. vyd. 
260 |a Olomouc :  |b Univerzita Palackého v Olomouci,  |c 2010 
300 |a 64 s. :  |b il. ;  |c 21 cm 
500 |a Nad názvem: Univerzita Palackého v Olomouci, Fakulta tělesné kultury 
500 |a Pub. vznikla v rámci projektu "Mateřídouška bez bariér" 
504 |a Obsahuje bibliografie 
650 0 7 |a tělesná výchova  |7 ph116513  |2 czenas 
650 0 7 |a integrovaná výchova a vzdělávání  |7 ph121132  |2 czenas 
650 0 7 |a děti se zdravotním postižením  |7 ph116745  |2 czenas 
650 0 7 |a pohybové hry  |7 ph124204  |2 czenas 
650 0 7 |a učební pomůcky  |7 ph126975  |2 czenas 
650 0 9 |a physical education and training  |2 eczenas 
650 0 9 |a integrated education  |2 eczenas 
650 0 9 |a children with disabilities  |2 eczenas 
650 0 9 |a movement games  |2 eczenas 
650 0 9 |a teaching aids  |2 eczenas 
655 7 |a kolektivní monografie  |7 fd501537  |2 czenas 
655 9 |a collective monographs  |2 eczenas 
710 2 |a Univerzita Palackého.  |b Fakulta tělesné kultury  |7 kn20010709371 
910 2 |a BOA001  |b 2-1241.948 
990 |a BK 
995 |a 01 
991 |b 201007  |c NOV  |e n 
996 6 |b 2610441603  |c 2-1241.948  |l MZK  |r Sklad / do 1 hodiny  |n 2  |p p.v.  |w 001130182  |u 000010  |a 1  |e BOA001  |j MZK50  |s P